00661nam a2200205 a 450000100060000000300080000600500170001400800410003103500190007204000450009104100130013608200290014911000120017824501000019024600350029026000510032530000270037665000320040370000200043545774BD-RjUL20211209054051.0160728s1964 nju 000 0 eng  a(BD-RjUL)45892 aDLCcOClU-LdOCoLCdMoSU-LdBD-RjULbeng1 aenghfre 223a343.094403bFRE 19641 aFrance.14aThe French code of criminal procedure /ctranslated and with an introduction by Gerald L. Kock.18aFrench criminal procedure code aSouth Hackensack, N.J. :bF.B. Rothman,cc1964 axvii, 258 p. ;c23 cm. 0aCriminal procedurezFrance.1 aKock, Gerald L.